|
|
|
|
| LEADER |
03378nam a22003853i 4500 |
| 001 |
EBC6695219 |
| 003 |
MiAaPQ |
| 005 |
20231204023217.0 |
| 006 |
m o d | |
| 007 |
cr cnu|||||||| |
| 008 |
231204s2014 xx o ||||0 ger d |
| 020 |
|
|
|a 9783839423127
|q (electronic bk.)
|
| 020 |
|
|
|z 9783837623123
|
| 035 |
|
|
|a (MiAaPQ)EBC6695219
|
| 035 |
|
|
|a (Au-PeEL)EBL6695219
|
| 035 |
|
|
|a (OCoLC)885021972
|
| 040 |
|
|
|a MiAaPQ
|b eng
|e rda
|e pn
|c MiAaPQ
|d MiAaPQ
|
| 100 |
1 |
|
|a Meyer, Hendrik.
|
| 245 |
1 |
0 |
|a Was kann der Staat? :
|b Eine Analyse der rot-grünen Reformen in der Sozialpolitik.
|
| 250 |
|
|
|a 1st ed.
|
| 264 |
|
1 |
|a Bielefeld :
|b transcript,
|c 2014.
|
| 264 |
|
4 |
|c {copy}2013.
|
| 300 |
|
|
|a 1 online resource (283 pages)
|
| 336 |
|
|
|a text
|b txt
|2 rdacontent
|
| 337 |
|
|
|a computer
|b c
|2 rdamedia
|
| 338 |
|
|
|a online resource
|b cr
|2 rdacarrier
|
| 490 |
1 |
|
|a Edition Politik ;
|v v.13
|
| 505 |
0 |
|
|a Cover -- Inhalt -- Abkürzungen -- 1. Einleitung -- 1.1 Staatliche Handlungsfähigkeit in der deutschen Sozialpolitik -- 1.2 Forschungsfrage und Thesen -- 1.3 Forschungsstand und Forschungsdesign -- 2. Definition staatlicher Handlungsfähigkeit -- 2.1 Der Begriff des politischen Handelns -- 2.2 Der Staatsbegriff -- 2.3 Das Konzept der Kernexekutive -- 2.4 Das politische Entscheidungszentrum -- 3. Schranken staatlicher Handlungsfähigkeit -- 3.1 Entwicklung der Debatte um staatliche Handlungsunfähigkeit -- 3.1.1 Unregierbarkeit -- 3.1.2 Politische Steuerung -- 3.1.3 Governance -- 3.2 Institutionelle Blockaden im deutschen Sozialstaat -- 3.2.1 Verbände als institutionelle Blockade -- 3.2.2 Föderalismus als institutionelle Blockade -- 3.2.3 Parteien als institutionelle Blockade -- 4. Operationalisierung -- 4.1 Der Policy Cycle -- 4.1.1 Problemdefinition -- 4.1.2 Agenda-Setting -- 4.1.3 Politikformulierung -- 4.1.4 Entscheidung -- 4.2 Basale Praktiken politischen Handelns -- 4.3 Analyseraster -- 5. Sozialpolitische Reformprozesse -- 5.1 Anspruch der sozialdemokratischen Reformpolitik -- 5.2 Riester-Reform -- 5.2.1 Problemdefinition -- 5.2.2 Agenda-Setting -- 5.2.3 Politikformulierung -- 5.2.4 Entscheidung -- 5.3 Hartz-Reformen -- 5.3.1 Problemdefinition -- 5.3.2 Agenda-Setting -- 5.3.3 Politikformulierung -- 5.3.4 Entscheidung -- 5.4 Zusammenfassung: Politische Praktiken in den Reformprozessen -- 6. Bedingungen staatlicher Handlungsfähigkeit -- 6.1 Überwindung institutioneller Blockaden -- 6.1.1 Aufhebung korporatistischer Strukturen -- 6.1.2 Zur Bedeutung konstruktiver Vetospieler -- 6.1.3 Von der Partei zur politischen Führung -- 6.2 Strategische Flexibilität -- 6.2.1 Inhaltliche Flexibilität -- 6.2.2 Strategischer Umgang mit dem Faktor Zeit -- 7. Schlussbetrachtung -- 8. Literatur -- 9. Abbildungen und Tabellen -- 10. Danksagung.
|
| 588 |
|
|
|a Description based on publisher supplied metadata and other sources.
|
| 590 |
|
|
|a Electronic reproduction. Ann Arbor, Michigan : ProQuest Ebook Central, 2023. Available via World Wide Web. Access may be limited to ProQuest Ebook Central affiliated libraries.
|
| 655 |
|
4 |
|a Electronic books.
|
| 776 |
0 |
8 |
|i Print version:
|a Meyer, Hendrik
|t Was kann der Staat?
|d Bielefeld : transcript,c2014
|z 9783837623123
|
| 797 |
2 |
|
|a ProQuest (Firm)
|
| 830 |
|
0 |
|a Edition Politik
|
| 856 |
4 |
0 |
|u https://ebookcentral.proquest.com/lib/matrademy/detail.action?docID=6695219
|z Click to View
|